Statistics for Criterion Collection

Click here to take the quiz!

General Stats

  • This quiz has been taken 440 times
    (435 since last reset)
  • The average score is 176 of 924

Answer Stats

Film Title% Correct
M
88%
Seven Samurai
84%
Three Colors: Blue
65%
Three Colors: Red
63%
Ran
62%
Rashomon
62%
The Seventh Seal
62%
Three Colors: White
59%
Persona
57%
Stalker
56%
Yojimbo
56%
Le Samouraï
53%
Wild Strawberries
53%
Breathless
52%
Eraserhead
52%
High and Low
52%
Ikiru
52%
Solaris
52%
Dr. Strangelove, or: How I Learned to Stop Worrying and Love the Bomb
51%
City Lights
50%
Fanny
50%
The 400 Blows
50%
The Royal Tenenbaums
50%
The Silence
50%
Modern Times
49%
Rushmore
49%
Tokyo Story
49%
12 Angry Men
48%
Bottle Rocket
48%
Moonrise
48%
Mulholland Dr.
48%
Paths of Glory
48%
Salò, or The 120 Days of Sodom
48%
Sanjuro
48%
Z
48%
Barry Lyndon
47%
Bicycle Thieves
47%
In the Mood for Love
47%
Moonrise Kingdom
47%
The Great Dictator
47%
The Killing
47%
The Passion of Joan of Arc
47%
Fantastic Mr. Fox
46%
Amarcord
45%
Brazil
45%
La dolce vita
45%
The Killer
45%
Yi Yi
45%
Do the Right Thing
44%
Fanny and Alexander Box Set
44%
Fanny and Alexander — The Television Version
44%
Fanny and Alexander — The Theatrical Version
44%
Scenes from a Marriage
44%
The Hidden Fortress
44%
The Making of Fanny and Alexander
44%
The Silence of the Lambs
44%
Throne of Blood
44%
Cries and Whispers
43%
Kagemusha
43%
The Rose
43%
A Brighter Summer Day
42%
Godzilla
42%
The Kid
42%
The Life Aquatic with Steve Zissou
42%
Andrei Rublev
41%
Autumn Sonata
41%
Cléo from 5 to 7
41%
Hamlet
41%
Hard Boiled
41%
Kill!
41%
Spartacus
41%
The Red Shoes
41%
Akira Kurosawa's Dreams
40%
Beauty and the Beast
40%
Grand Illusion
40%
La strada
40%
Shoah
40%
Ali: Fear Eats the Soul
39%
Blow-Up
39%
Rosemary's Baby
39%
The 39 Steps
39%
The Darjeeling Limited
39%
The Last Temptation of Christ
39%
Armageddon
38%
Blow Out
38%
Diabolique
38%
F for Fake
38%
Jules and Jim
38%
L'avventura
38%
Naked
38%
Notorious
38%
Roma
38%
The Battle of Algiers
38%
The Gold Rush
38%
The Lady Vanishes
38%
The Rules of the Game
38%
The Third Man
38%
The Virgin Spring
38%
Twin Peaks: Fire Walk with Me
38%
Ugetsu
38%
Winter Light
38%
Chungking Express
37%
Jeanne Dielman, 23 quai du Commerce, 1080 Bruxelles
37%
Nashville
37%
Pan's Labyrinth
37%
Rebecca
37%
Day for Night
36%
Dekalog
36%
Eyes Without a Face
36%
Fellini Satyricon
36%
Macbeth
36%
Paris, Texas
36%
Taste of Cherry
36%
The Devil's Backbone
36%
Time Bandits
36%
Vampyr
36%
Wings of Desire
36%
Alphaville
35%
A Woman Under the Influence
35%
Black Narcissus
35%
Black Orpheus
35%
Dazed and Confused
35%
Faces
35%
Ivan the Terrible
35%
Monty Python's Life of Brian
35%
Ordet
35%
Othello
35%
Stagecoach
35%
The Blob
35%
The Graduate
35%
The Killers
35%
The Killing of a Chinese Bookie
35%
The Wages of Fear
35%
3 Women
34%
Before Midnight
34%
Before Sunrise
34%
Blood Simple
34%
Brief Encounter
34%
Close-Up
34%
Gimme Shelter
34%
Great Expectations
34%
House
34%
La haine
34%
La notte
34%
On the Waterfront
34%
Punch-Drunk Love
34%
Shoot the Piano Player
34%
The Rock
34%
The Umbrellas of Cherbourg
34%
Videodrome
34%
Diary of a Country Priest
33%
Henry V
33%
Inside Llewyn Davis
33%
Late Spring
33%
L'eclisse
33%
Nights of Cabiria
33%
Red Beard
33%
Tampopo
33%
The Discreet Charm of the Bourgeoisie
33%
Weekend
33%
A Man Escaped
32%
Antichrist
32%
Before Sunset
32%
Charade
32%
Limelight
32%
Oliver Twist
32%
Orpheus
32%
Pickpocket
32%
Pierrot le fou
32%
RoboCop
32%
Stray Dog
32%
Summer with Monika
32%
Testament of Orpheus
32%
The Canterbury Tales
32%
The Exterminating Angel
32%
The Man Who Knew Too Much
32%
Three Colors
32%
Umberto D.
32%
A Canterbury Tale
31%
Au Hasard Balthazar
31%
Chasing Amy
31%
Don't Look Now
31%
Grey Gardens
31%
His Girl Friday
31%
Insomnia
31%
Ivan's Childhood
31%
Mon oncle
31%
Night of the Living Dead
31%
Richard III
31%
Rome, Open City
31%
Safe
31%
Samurai II: Duel at Ichijoji Temple
31%
Samurai III: Duel at Ganryu Island
31%
Samurai I: Musashi Miyamoto
31%
The Beales of Grey Gardens
31%
Through a Glass Darkly
31%
A Story of Floating Weeds / Floating Weeds
30%
Band of Outsiders
30%
Black Girl
30%
If....
30%
Night and Fog
30%
Opening Night
30%
Playtime
30%
Repulsion
30%
Sisters
30%
The Leopard
30%
The Life and Death of Colonel Blimp
30%
The Player
30%
Viridiana
30%
Ace in the Hole
29%
Arabian Nights
29%
Au revoir les enfants
29%
Belle de jour
29%
Contempt
29%
Day of Wrath
29%
Germany, Year Zero
29%
Harakiri
29%
Hiroshima mon amour
29%
Jimi Plays Monterey & Shake! Otis at Monterey
29%
Journey to Italy
29%
Juliet of the Spirits
29%
My Dinner with André
29%
Pather Panchali
29%
Peeping Tom
29%
Picnic at Hanging Rock
29%
Red River
29%
Rififi
29%
Safety Last!
29%
The Age of Innocence
29%
The Decameron
29%
The Lady Eve
29%
The Naked City
29%
To Be or Not to Be
29%
Vagabond
29%
Vivre sa vie
29%
Y tu mamá también
29%
A Woman Is a Woman
28%
Europa
28%
It Happened One Night
28%
L'argent
28%
Last Year at Marienbad
28%
Lola
28%
Monsieur Verdoux
28%
Shadows
28%
Short Cuts
28%
Sullivan's Travels
28%
Sweet Smell of Success
28%
The Last Emperor
28%
The Philadelphia Story
28%
Thief
28%
A Film Trilogy by Ingmar Bergman
27%
A Hard Day's Night
27%
Berlin Alexanderplatz
27%
Beyond the Valley of the Dolls
27%
Blue Is the Warmest Color
27%
Children of Paradise
27%
Following
27%
For All Mankind
27%
I vitelloni
27%
Masculin féminin
27%
Paisan
27%
Samurai Rebellion
27%
Slacker
27%
Stromboli
27%
The Complete Monterey Pop Festival
27%
Traffic
27%
A Night to Remember
26%
Babette's Feast
26%
Badlands
26%
Boyhood
26%
Chimes at Midnight
26%
Days of Heaven
26%
Divorce Italian Style
26%
Fantastic Planet
26%
I Know Where I'm Going!
26%
In a Lonely Place
26%
In the Realm of the Senses
26%
Kind Hearts and Coronets
26%
Meantime
26%
Monterey Pop
26%
Naked Lunch
26%
Red Desert
26%
Scanners
26%
Smiles of a Summer Night
26%
The Apu Trilogy
26%
The Blood of a Poet
26%
The Last Metro
26%
The Lodger: A Story of the London Fog
26%
The Magician
26%
The Phantom of Liberty
26%
The River
26%
This Is Spinal Tap
26%
Women on the Verge of a Nervous Breakdown
26%
Anatomy of a Murder
25%
Ashes and Diamonds
25%
Buena Vista Social Club
25%
Certified Copy
25%
Down by Law
25%
Early Summer
25%
Eating Raoul
25%
Fear and Loathing in Las Vegas
25%
Hoop Dreams
25%
Ingmar Bergman Makes a Movie
25%
My Darling Clementine
25%
Night and the City
25%
Purple Noon
25%
Repo Man
25%
That Obscure Object of Desire
25%
The American Friend
25%
The Burmese Harp
25%
The Honeymoon Killers
25%
The Lower Depths
25%
The Spirit of the Beehive
25%
The Thin Red Line
25%
The Virgin Suicides
25%
The Woman in the Dunes
25%
Valley of the Dolls
25%
Vanya on 42nd Street
25%
2 or 3 Things I Know About Her
24%
Bitter Rice
24%
Diary of a Chambermaid
24%
Gertrud
24%
Gomorrah
24%
Good Morning
24%
Kes
24%
McCabe & Mrs. Miller
24%
Mystery Train
24%
Sansho the Bailiff
24%
Seconds
24%
Straw Dogs
24%
The Breakfast Club
24%
The Manchurian Candidate
24%
The Night of the Hunter
24%
23%
Aparajito
23%
Apur Sansar
23%
Beastie Boys Video Anthology
23%
Broadcast News
23%
Crumb
23%
Europa '51
23%
Heaven's Gate
23%
Love in the Afternoon
23%
Mishima: A Life in Four Chapters
23%
Missing
23%
Mouchette
23%
My Man Godfrey
23%
Roberto Rossellini's War Trilogy
23%
Simon of the Desert
23%
Summertime
23%
The Bridge
23%
The Double Life of Véronique
23%
The Earrings of Madame de...
23%
The Thief of Bagdad
23%
The Tin Drum
23%
Trilogy of Life
23%
Wise Blood
23%
49th Parallel
22%
A Special Day
22%
Claire's Knee
22%
Dead Man
22%
Dead Ringers
22%
Design for Living
22%
Easy Rider
22%
Foreign Correspondent
22%
Harold and Maude
22%
I, Daniel Blake
22%
Lacombe, Lucien
22%
Les enfants terribles
22%
Make Way for Tomorrow
22%
Paris Belongs to Us
22%
Spellbound
22%
Stranger Than Paradise
22%
The Immortal Story
22%
The Long Good Friday
22%
The Magic Flute
22%
Tie Me Up! Tie Me Down!
22%
Unfaithfully Yours
22%
Walkabout
22%
Drunken Angel
21%
Jabberwocky
21%
Kiss Me Deadly
21%
Lost in America
21%
My Night at Maud's
21%
Nanook of the North
21%
Seduced and Abandoned
21%
The Bakery Girl of Monceau
21%
The Children Are Watching Us
21%
The Complete Jacques Tati
21%
The Palm Beach Story
21%
The Ruling Class
21%
The Young Girls of Rochefort
21%
All That Heaven Allows
20%
An Autumn Afternoon
20%
Breaking the Waves
20%
Frances Ha
20%
Il Generale Della Rovere
20%
Il sorpasso
20%
In Vanda's Room
20%
Knife in the Water
20%
Koyaanisqatsi
20%
La Jetée / Sans Soleil
20%
Like Someone in Love
20%
Monsieur Hulot's Holiday
20%
My Own Private Idaho
20%
Senso
20%
Shock Corridor
20%
Sid & Nancy
20%
Six Moral Tales
20%
Suzanne's Career
20%
Tess
20%
The Bank Dick
20%
The Before Trilogy
20%
The Flowers of St. Francis
20%
The Milky Way
20%
The Music Room
20%
The Piano Teacher
20%
The Testament of Dr. Mabuse
20%
The Thin Blue Line
20%
The Tree of Wooden Clogs
20%
Tokyo Drifter
20%
Topsy-Turvy
20%
Touchez pas au grisbi
20%
Trafic
20%
Written on the Wind
20%
All That Jazz
19%
A Touch of Zen
19%
Fox and His Friends
19%
Gilda
19%
Hearts and Minds
19%
I Am Curious (Blue)
19%
I Am Curious... Box Set
19%
I Am Curious (Yellow)
19%
Il posto
19%
Kwaidan
19%
Le trou
19%
Love Streams
19%
Mildred Pierce
19%
Ossos
19%
Salesman
19%
Taipei Story
19%
The Great Beauty
19%
The Last Picture Show
19%
A Day in the Country
18%
Army of Shadows
18%
A Room with a View
18%
Big Deal on Madonna Street
18%
Cat People
18%
Closely Watched Trains
18%
Identification of a Woman
18%
John Cassavetes: Five Films
18%
La collectionneuse
18%
The Curious Case of Benjamin Button
18%
The Fugitive Kind
18%
The Human Condition
18%
W. C. Fields—Six Short Films
18%
And God Created Woman
17%
Blood for Dracula
17%
Boudu Saved from Drowning
17%
Carl Th. Dreyer—My Metier
17%
Carnival of Souls
17%
Colossal Youth
17%
Dont Look Back
17%
Dressed to Kill
17%
Fat Girl
17%
Five Easy Pieces
17%
George Washington
17%
Howards End
17%
Kicking and Screaming
17%
La Cage aux Folles
17%
Lady Snowblood
17%
Lady Snowblood: Love Song of Vengeance
17%
Le bonheur
17%
Lord of the Flies
17%
Love on the Run
17%
Mamma Roma
17%
Odd Man Out
17%
Only Angels Have Wings
17%
Stolen Kisses
17%
The Bad Sleep Well
17%
The Brood
17%
The Cranes Are Flying
17%
The Importance of Being Earnest
17%
The Life of Oharu
17%
The Night Porter
17%
Tokyo Olympiad
17%
Trouble in Paradise
17%
Under the Volcano
17%
And the Ship Sails On
16%
Carl Theodor Dreyer Box Set
16%
Cronos
16%
Double Suicide
16%
Flesh for Frankenstein
16%
Parade
16%
Patriotism
16%
State of Siege
16%
Summer Interlude
16%
The Naked Kiss
16%
The White Sheik
16%
Withnail and I
16%
Young Mr. Lincoln
16%
Being John Malkovich
15%
Che
15%
Häxan: Witchcraft Through the Ages
15%
Les dames du Bois de Boulogne
15%
Martin Scorsese's World Cinema Project
15%
Martin Scorsese's World Cinema Project No. 2
15%
Medium Cool
15%
Night on Earth
15%
Onibaba
15%
Pygmalion
15%
Samurai Spy
15%
The Fisher King
15%
The Man Who Fell to Earth
15%
The Orphic Trilogy
15%
Woman of the Year
15%
4 by Agnès Varda
14%
Black Moon
14%
Fiend Without a Face
14%
Ingrid Bergman: In Her Own Words
14%
Le million
14%
Letters From Fontainhas:
14%
Magnificent Obsession
14%
Master of the House
14%
Mona Lisa
14%
Murmur of the Heart
14%
Rosetta
14%
Salvatore Giuliano
14%
The Big City
14%
The Ice Storm
14%
The Last Command
14%
The Last Days of Disco
14%
The Most Dangerous Game
14%
The New World
14%
The Organizer
14%
The Qatsi Trilogy
14%
The Unbearable Lightness of Being
14%
They Live by Night
14%
Tootsie
14%
Touki Bouki
14%
Branded to Kill
13%
Eisenstein: The Sound Years
13%
Election
13%
Heaven Can Wait
13%
Investigation of a Citizen Above Suspicion
13%
Made in U.S.A.
13%
Schizopolis
13%
The Adventures of Antoine Doinel
13%
The Hit
13%
The Story of the Last Chrysanthemum
13%
The Vanishing
13%
3 Films by Louis Malle
12%
Dheepan
12%
La bête humaine
12%
Life Is Sweet
12%
Lola Montès
12%
The Element of Crime
12%
The Essential Jacques Demy
12%
The Firemen's Ball
12%
The Game
12%
The In-Laws
12%
The Phantom Carriage
12%
The Shop on Main Street
12%
Variety Lights
12%
World On a Wire
12%
Zatoichi: The Blind Swordsman
12%
A Taste of Honey
11%
Donkey Skin
11%
Elevator to the Gallows
11%
Fishing with John
11%
Gray's Anatomy
11%
Head
11%
I Married a Witch
11%
It's a Mad, Mad, Mad, Mad World
11%
Jellyfish Eyes
11%
Lone Wolf and Cub
11%
Multiple Maniacs
11%
My Beautiful Laundrette
11%
People on Sunday
11%
Sawdust and Tinsel
11%
That Hamilton Woman
11%
The Big Chill
11%
The Confession
11%
The Devil and Daniel Webster
11%
The Harder They Come
11%
The Spy Who Came in from the Cold
11%
Watership Down
11%
Alexander Nevsky
10%
Bed and Board
10%
Bergman Island
10%
Dodes'ka-den
10%
Gate of Hell
10%
Hunger
10%
Les cousins
10%
Merry Christmas, Mr. Lawrence
10%
Metropolitan
10%
My Life as a Dog
10%
Rumble Fish
10%
The Asphalt Jungle
10%
The Color of Pomegranates
10%
The Complete Jean Vigo
10%
The Tales of Hoffmann
10%
Two Films by Yasujiro Ozu
10%
3 Films by Roberto Rossellini
9%
Empire of Passion
9%
Every Man for Himself
9%
Fish Tank
9%
Gate of Flesh
9%
Ghost World
9%
Indiscretion of an American Wife
9%
Le amiche
9%
Le cercle rouge
9%
Le Havre
9%
Le notti bianche
9%
Shallow Grave
9%
The Bitter Tears of Petra von Kant
9%
The King of Kings
9%
The Lure
9%
The Small Back Room
9%
The Squid and the Whale
9%
3:10 to Yuma
8%
A Constant Forge
8%
An Actor's Revenge
8%
And Everything Is Going Fine
8%
by Brakhage: an Anthology
8%
By Brakhage: An Anthology, Volumes One and Two
8%
By Brakhage: An Anthology, Volume Two
8%
Code Unknown
8%
Cul-de-sac
8%
El Norte
8%
Fires on the Plain
8%
Green for Danger
8%
Insignificance
8%
Jigoku
8%
King of the Hill
8%
Kuroneko
8%
La commare secca
8%
Le Corbeau
8%
Le silence de la mer
8%
Loves of a Blonde
8%
Mysterious Object at Noon
8%
Naqoyqatsi
8%
Personal Shopper
8%
Powaqqatsi
8%
Ratcatcher
8%
Still Walking
8%
Sweetie
8%
Tanner '88
8%
The Browning Version
8%
The Face of Another
8%
The Freshman
8%
The Last Wave
8%
The Long Day Closes
8%
The Other Side of Hope
8%
The Sword of Doom
8%
The Uninvited
8%
Tiny Furniture
8%
Tom Jones
8%
Two-Lane Blacktop
8%
Vengeance Is Mine
8%
White Dog
8%
Women in Love
8%
A Master Builder
7%
Bad Timing
7%
Barcelona
7%
Breaker Morant
7%
Death by Hanging
7%
Equinox
7%
Jubal
7%
La Pointe Courte
7%
Mafioso
7%
Quadrophenia
7%
The Complete Mr. Arkadin
7%
The Emigrants
7%
The Haunted Strangler
7%
The Innocents
7%
The Marriage of Maria Braun
7%
The Mikado
7%
The War Room
7%
Valerie and Her Week of Wonders
7%
100 Years of Olympic Films: 1912–2012
6%
A Hollis Frampton Odyssey
6%
An Angel at My Table
6%
Burden of Dreams
6%
Corridors of Blood
6%
Gates of Heaven
6%
Harlan County, USA
6%
Island of Lost Souls
6%
Jubilee
6%
Life During Wartime
6%
Mala Noche
6%
Man Bites Dog
6%
Monsoon Wedding
6%
Monsters and Madmen
6%
Secret Sunshine
6%
Something Wild
6%
Story of a Prostitute
6%
Sunday Bloody Sunday
6%
Sword of the Beast
6%
Symbiopsychotaxiplasm: Two Takes
6%
The Atomic Submarine
6%
The Friends of Eddie Coyle
6%
The King of Marvin Gardens
6%
The Naked Island
6%
White Material
6%
Youth of the Beast
6%
A Christmas Tale
5%
A Generation
5%
Alice in the Cities
5%
À nos amours
5%
Antonio Gaudi
5%
A Safe Place
5%
Baal
5%
Bay of Angels
5%
Being There
5%
Bigger Than Life
5%
Billy Liar
5%
Blind Chance
5%
Bob le flambeur
5%
Brute Force
5%
Cameraperson
5%
Carlos
5%
Charulata
5%
Chronicle of a Summer
5%
Clouds of Sils Maria
5%
David Lean Directs Noël Coward
5%
David Lynch: The Art Life
5%
Desert Hearts
5%
Downhill Racer
5%
Drive, He Said
5%
Fighting Elegy
5%
First Man into Space
5%
French Cancan
5%
General Idi Amin Dada: A Self Portrait
5%
Graduation
5%
Heart of a Dog
5%
Hopscotch
5%
House of Games
5%
How to Get Ahead in Advertising
5%
In Cold Blood
5%
Insiang
5%
In Which We Serve
5%
Kanał
5%
Kings of the Road
5%
La promesse
5%
Letter Never Sent
5%
Limite
5%
Marketa Lazarová
5%
One-Eyed Jacks
5%
Outsider: Body and Soul / Borderline
5%
Pandora's Box
5%
Phoenix
5%
Pickup on South Street
5%
Pigs and Battleships
5%
Pina
5%
Revanche
5%
Ride in the Whirlwind
5%
Secret Honor
5%
Speedy
5%
Summer Hours
5%
Sundays and Cybele
5%
Sweet Movie
5%
The Ballad of Narayama
5%
The BRD Trilogy
5%
The Executioner
5%
The Four Feathers
5%
The French Lieutenant's Woman
5%
The Golden Coach
5%
The Hero
5%
The Housemaid
5%
The Insect Woman
5%
The Merchant of Four Seasons
5%
The Only Son
5%
The Pornographers
5%
There Was a Father
5%
The Scarlet Empress
5%
The Shooting
5%
The Soft Skin
5%
The Taking of Power by Louis XIV
5%
Three Outlaw Samurai
5%
Two Days, One Night
5%
Vernon, Florida
5%
Veronika Voss
5%
W.R.: Mysteries of the Organism
5%
Blithe Spirit
4%
Brand upon the Brain!
4%
Clean, Shaven
4%
Danton
4%
Dillinger Is Dead
4%
Forbidden Games
4%
I fidanzati
4%
Jour de fête
4%
King of Jazz
4%
Koko: A Talking Gorilla
4%
Law of the Border
4%
Léon Morin, Priest
4%
Le plaisir
4%
Marius
4%
Ministry of Fear
4%
Mon oncle Antoine
4%
My Winnipeg
4%
Pale Flower
4%
Revenge
4%
Ride with the Devil
4%
Riot in Cell Block 11
4%
The Awful Truth
4%
The Docks of New York
4%
The Fire Within
4%
The Furies
4%
The Horse's Mouth
4%
The Kid with a Bike
4%
The Lovers
4%
Things to Come
4%
This Sporting Life
4%
Walker
4%
Zazie dans le Métro
4%
45 Years
3%
A Brief History of Time
3%
¡Alambrista!
3%
A River Called Titas
3%
Ballad of a Soldier
3%
Before the Rain
3%
Beyond the Hills
3%
Border Radio
3%
Certain Women
3%
Coup de torchon
3%
Cría cuervos . . .
3%
Here Comes Mr. Jordan
3%
Here Is Your Life
3%
Homicide
3%
Intentions of Murder
3%
La Ciénaga
3%
La vie de bohème
3%
Les visiteurs du soir
3%
Lonesome
3%
Louie Bluie
3%
Mister Johnson
3%
Muriel, or The Time of Return
3%
Paul Robeson: Portraits of an Artist
3%
Pierre Étaix
3%
Pitfall
3%
Redes
3%
Robinson Crusoe on Mars
3%
Sólo con tu pareja
3%
Stage and Spectacle:
3%
The Black Stallion
3%
The Breaking Point
3%
The Fallen Idol
3%
The Naked Prey
3%
The New Land
3%
The Secret of the Grain
3%
The Times of Harvey Milk
3%
Tout va bien
3%
Trances
3%
Tunes of Glory
3%
Underworld
3%
When a Woman Ascends the Stairs
3%
Wim Wenders: The Road Trilogy
3%
Andrzej Wajda: Three War Films
2%
À nous la liberté
2%
A Poem Is a Naked Person
2%
Blast of Silence
2%
Burroughs: The Movie
2%
Canoa: A Shameful Memory
2%
Casque d'or
2%
César
2%
Citizen of the World: The Proud Valley / Native Land
2%
Classe tous risques
2%
Coup de grâce
2%
Crazed Fruit
2%
Death of a Cyclist
2%
Dry Summer
2%
Elena and Her Men
2%
Everlasting Moments
2%
Fanfan la Tulipe
2%
Festival
2%
Fists in the Pocket
2%
Hands Over the City
2%
Hobson's Choice
2%
Icon: The Emperor Jones /
2%
I Knew Her Well
2%
Judex
2%
Kameradschaft
2%
La chienne
2%
La poison
2%
La ronde
2%
Le beau Serge
2%
Le deuxième souffle
2%
Le doulos
2%
L'enfance nue
2%
Les Blank: Always for Pleasure
2%
Maîtresse
2%
Martha Graham: Dance on Film
2%
Miss Julie
2%
Night Train to Munich
2%
Overlord
2%
Pépé le moko
2%
Pigs, Pimps & Prostitutes:
2%
Pioneer: Sanders of the River / Jericho
2%
Port of Shadows
2%
Quai des Orfèvres
2%
Ride the Pink Horse
2%
Science is Fiction: 23 Films by Jean Painlevé
2%
The Forgiveness of Blood
2%
The Golden Age of Television
2%
The Kennedy Films of Robert Drew & Associates
2%
The Lost Honor of Katharina Blum
2%
The Makioka Sisters
2%
The Marseille Trilogy
2%
The Moment of Truth
2%
The Threepenny Opera
2%
The Two of Us
2%
Thieves' Highway
2%
This Happy Breed
2%
Three Films by Hiroshi Teshigahara
2%
Three Silent Classics
2%
Twenty-Four Eyes
2%
Under the Roofs of Paris
2%
Une chambre en ville
2%
Westfront 1918
2%
Wrong Move
2%
Young Törless
2%

Score Distribution

Percentile by Number Answered

Percent of People with Each Score

Your Score History

You have not taken this quiz since the last reset